| 000 | 00677 a2200205 4500 | ||
|---|---|---|---|
| 010 | _aENG-85829 | ||
| 020 |
_a8131301559 _c295.00 |
||
| 035 | _aEN-69362 | ||
| 037 | _bD.B.Act / Pub | ||
| 082 | 1 | 4 | _a480 |
| 090 |
_c3502 _d3502 |
||
| 100 | 1 | _aSarada, M. | |
| 245 | 1 |
_aSpoken english _cby M. Sarada |
|
| 260 |
_aNew Delhi _bAPH Publishing Corporatioon _c2007 |
||
| 270 |
_a5, Ansari Road, Darya Ganj _bNew Delhi _e110 002 _k011- 23274050 _maphbooks@vsnl.net |
||
| 300 |
_axiv, 186 p. _b22 cm ( Hb.) |
||
| 500 | _aIncludes bibliograpgical refrences | ||
| 942 |
_adpl _cEN _k480 / SAR |
||
| 999 |
_c3435 _d3435 |
||